• 首页
  • 本馆介绍
  • 公告通知
  • 最新文献
  • 馆藏检索
  • 电子资源
  • 读者导购
  • 参考咨询
  • 我的图书馆
  • 登录
  • 详细信息显示
  • 放入我的书架
  • 预约/预借图书
  • 作者相关作品
  • 分类相关作品
  • 丛书相关作品
  • 出版社相关作品

书目信息

  • 表格格式
  • 工作单格式
  • 卡片格式
题名:
故事感美食摄影
    
 
作者: 旧食 , 微尘 著
分册:  
出版信息: 北京   人民邮电出版社  2022.04
页数: 304页
开本: 24cm
丛书名:
单 册:
中图分类: J419.9 , J419
科图分类:
主题词: 饮食--yin shi--艺术摄影--摄影技术
电子资源:
ISBN: 978-7-115-58707-7
000 01283nam0 2200289 450
001 2271960040
005 20220916195944.41
010    @a978-7-115-58707-7@dCNY109.90
092    @aCN@bRt1022-1375
100    @a20220414d2022 em y0chiy50 ea
101 0  @achi
102    @aCN@b110000
105    @aa z 000yy
200 1  @a故事感美食摄影@Agu shi gan mei shi she ying@f旧食, 微尘著
210    @a北京@c人民邮电出版社@d2022.04
215    @a304页@c彩图@d24cm
314    @a旧食, 美食摄影师、文字撰稿人, 心理学硕士。旧食工作室创始人, 旧食课堂讲师。微尘, 美食摄影师、美食短视频课程讲师。
330    @a本书是美食摄影的系统教程, 详细讲解了美食摄影的完整工作流程。作者从相机设置和道具准备入手, 介绍了美食摄影常用的拍摄视角、构图与场景搭建、美食造型, 带领读者了解商业美食摄影的前期准备工作 ; 布光是美食摄影的核心, 也是本书的重点, 作者从自然光和人造光两个维度, 结合多个实战案例, 揭秘故事感美食摄影布光技巧 ; 在后期环节, 作者结合Lightroom软件演示了美食摄影后期的完整修图流程, 重点讲解如何调整和营造画面的色彩氛围。
606 0  @a饮食@Ayin shi@x艺术摄影@x摄影技术
690    @aJ419.9@v5
690    @aJ419@v4
701  0 @a旧食@Ajiu shi@4著
701  0 @a微尘@Awei chen@4著
801  0 @aCN@b人天书店@c20220414
901    @a人民邮电出版社
905    @aZUCC@dJ419@e3
997    @a期货
    
    故事感美食摄影/旧食, 微尘著.-北京:人民邮电出版社,2022.04
    304页:彩图;24cm
    
    
    ISBN 978-7-115-58707-7:CNY109.90
    本书是美食摄影的系统教程, 详细讲解了美食摄影的完整工作流程。作者从相机设置和道具准备入手, 介绍了美食摄影常用的拍摄视角、构图与场景搭建、美食造型, 带领读者了解商业美食摄影的前期准备工作 ; 布光是美食摄影的核心, 也是本书的重点, 作者从自然光和人造光两个维度, 结合多个实战案例, 揭秘故事感美食摄影布光技巧 ; 在后期环节, 作者结合Lightroom软件演示了美食摄影后期的完整修图流程, 重点讲解如何调整和营造画面的色彩氛围。
●
相关链接 在五车中查询图书 在当当中查询图书 在豆瓣中查询图书


正题名:故事感美食摄影     索取号:J419/3         预约/预借

序号 登录号 条形码 馆藏地/架位号 状态 备注
1 2000895273   2000895273   第三书库/ [索取号:J419/3] 在馆    
2 2000895274   2000895274   第三书库/ [索取号:J419/3] 在馆    
3 2000895275   2000895275   第三书库/ [索取号:J419/3] 在馆    
山东省滨州职业学院图书馆 欢迎您!
大连网信软件有限公司© 版权所有